Spoudai 1988 3-4. Quarterly Economic Journal

Gespeichert in:
Bibliographische Detailangaben
Format: Buch
Sprache:Englisch
Veröffentlicht: Piraeus Graduate School of Industrial Studies 1988
Ausgabe:1. ed.
Tags: Tag hinzufügen
Keine Tags, Fügen Sie das erste Tag hinzu!

MARC

LEADER 00000nam a2200000 4500
001 c031251
005 20221219120620.3
041 0 |a eng 
044 |a GR 
245 1 0 |a Spoudai 1988  |b 3-4. Quarterly Economic Journal 
250 |a 1. ed. 
264 1 |a Piraeus  |b Graduate School of Industrial Studies  |c 1988 
300 |a S.293-639